| 000 | 01439nam a2200361 a 4500 | ||
|---|---|---|---|
| 999 |
_c450541 _d450541 |
||
| 003 | BLK | ||
| 005 | 20250709120334.0 | ||
| 008 | 180411b bul|||||r ||||||| ||bul|| | ||
| 010 | _aKNG00193426000 | ||
| 020 | _a9786192405038 | ||
| 040 | _aBLK | ||
| 041 |
_aBUL _cBUL |
||
| 072 | 7 |
_2bullib _aН85 _xДетска художествена литература Н |
|
| 080 |
_aВярвания и обичаи, свързани с определено годишно време и празници _b398.33 _z398.33 |
||
| 100 |
_aМорне, Мари-Франсоаз _eпърви автор _91299 |
||
| 139 |
_aМорне, Мари-Франсоаз _bМ 89 |
||
| 245 | 1 | 0 |
_aКоледа _cМари-Франсоаз Морне; ил. Лимют; прев. Борис Христов. |
| 257 | _aBGR | ||
| 260 |
_aСофия _bПАН _c2021 |
||
| 300 |
_a20 с. _bс цв. ил. _c23 см |
||
| 380 | _aDN | ||
| 490 |
_9205918 _aЕнциклопедия за най-малките |
||
| 653 | 7 |
_9200184 _aхристиянски празници |
|
| 653 | 7 |
_9188841 _aКоледа |
|
| 653 | 0 |
_9471119 _aдетски книги |
|
| 700 |
_aЛимют _eил. _9472258 _gЛиза-Мари Фиг |
||
| 700 |
_aХристов, Борис _eпрев. от фр. _91177 |
||
| 852 |
_bД _c39/М 89 М |
||
| 942 |
_cKNG _n0 _025 _s1 |
||
| 944 |
_k30537 _lГрета Цуфелде |
||
| 944 |
_aED _c2022-10-06 _kКети |
||
| 999 | _d450541 | ||